[Event "XLI Torneo di Capodanno"]
[Site "Reggio nell'Emilia ITA"]
[Date "1998.12.28"]
[Round "1"]
[White "Aldrovandi, Costantino"]
[Black "Solozhenkin, Evgeniy"]
[Result "1/2-1/2"]
[WhiteElo "2280"]
[BlackElo "2535"]
[PlyCount "58"]
[EventDate "1998.12.28"]

1. e4 e5 2. Nf3 Nc6 3. Bb5 a6 4. Bxc6 dxc6 5. O-O f6 6. d4 Bg4 7. dxe5 Qxd1 8.
Rxd1 fxe5 9. Rd3 Bd6 10. Bg5 Ne7 11. Nbd2 Ng6 12. Nc4 O-O 13. Nxd6 Bxf3 14.
Nxb7 Bxe4 15. Rd7 Rfb8 16. Nc5 Bf5 17. Rxc7 Rxb2 18. Rxc6 a5 19. Nd3 Rbb8 20.
h4 e4 21. Nf4 Rc8 22. Rxc8+ Rxc8 23. Nd5 Rxc2 24. h5 Rc5 25. Rd1 Be6 26. hxg6
Rxd5 27. Rxd5 Bxd5 28. gxh7+ Kxh7 29. a3 Kg6 1/2-1/2

[Event "XLI Torneo di Capodanno"]
[Site "Reggio nell'Emilia ITA"]
[Date "1998.12.28"]
[Round "1"]
[White "Anceschi, Vittorio"]
[Black "Drei, Andrea"]
[Result "1/2-1/2"]
[WhiteElo "2285"]
[BlackElo "2340"]
[PlyCount "57"]
[EventDate "1998.12.28"]

1. e4 c5 2. Nc3 Nc6 3. g3 g6 4. Bg2 Bg7 5. d3 d6 6. Be3 Rb8 7. Qd2 b5 8. Nge2
Nd4 9. O-O e6 10. Nd1 Nxe2+ 11. Qxe2 Ne7 12. Qd2 O-O 13. Bh6 e5 14. Bxg7 Kxg7
15. f4 f5 16. Ne3 Be6 17. Rae1 Qc7 18. Nd5 Bxd5 19. exd5 Rfe8 20. Rf2 Ng8 21.
Rfe2 Nf6 22. Bf3 c4 23. fxe5 dxe5 24. Qc3 Qc5+ 25. Kf1 Nxd5 26. Rxe5 Nxc3 27.
Rxc5 Rxe1+ 28. Kxe1 Nxa2 29. Rc7+ 1/2-1/2

[Event "XLI Torneo di Capodanno"]
[Site "Reggio nell'Emilia ITA"]
[Date "1998.12.28"]
[Round "1"]
[White "Borgo, Giulio"]
[Black "Efimov, Igor"]
[Result "1-0"]
[WhiteElo "2445"]
[BlackElo "2530"]
[PlyCount "57"]
[EventDate "1998.12.28"]

1. e4 g6 2. d4 Bg7 3. Nf3 c6 4. h3 d6 5. a4 Nf6 6. Bd3 O-O 7. O-O Nbd7 8. a5 e5
9. dxe5 Nxe5 10. Nxe5 dxe5 11. Be3 Nh5 12. Re1 Nf4 13. Bf1 Qf6 14. Kh2 Rd8 15.
Qf3 Ne6 16. Qxf6 Bxf6 17. Bc4 Be7 18. c3 Nc5 19. f3 Kf8 20. b4 Be6 21. Na3 Na4
22. Rec1 Bd7 23. Bb3 c5 24. b5 Nb2 25. Bd5 Rab8 26. Rcb1 Nd3 27. Nc4 f6 28. g3
Be8 29. Bh6# 1-0

[Event "XLI Torneo di Capodanno"]
[Site "Reggio nell'Emilia ITA"]
[Date "1998.12.28"]
[Round "1"]
[White "Tomescu, Vlad"]
[Black "Vezzosi, Paolo"]
[Result "1/2-1/2"]
[WhiteElo "2425"]
[BlackElo "2325"]
[PlyCount "42"]
[EventDate "1998.12.28"]

1. c4 e5 2. Nc3 Nc6 3. Nf3 Nf6 4. d3 d5 5. cxd5 Nxd5 6. g3 Be7 7. Bg2 Be6 8.
O-O O-O 9. Bd2 f5 10. a3 Bf6 11. Qc2 Qd6 12. Rac1 Rae8 13. b4 Rf7 14. Nxd5 Bxd5
15. e4 fxe4 16. dxe4 Be6 17. Be3 Bg4 18. h3 Bxf3 19. Bxf3 Nd4 20. Bxd4 exd4 21.
Rcd1 c6 1/2-1/2

[Event "XLI Torneo di Capodanno"]
[Site "Reggio nell'Emilia ITA"]
[Date "1998.12.29"]
[Round "2"]
[White "Borgo, Giulio"]
[Black "Anceschi, Vittorio"]
[Result "1-0"]
[WhiteElo "2445"]
[BlackElo "2285"]
[PlyCount "71"]
[EventDate "1998.12.28"]

1. e4 Nc6 2. Nc3 e6 3. d4 d5 4. Nf3 Bb4 5. e5 Nge7 6. Bd3 Nf5 7. Bg5 Qd7 8. Bd2
b6 9. Ne2 Bxd2+ 10. Qxd2 Bb7 11. b4 Qe7 12. c3 f6 13. Ng3 Nxg3 14. hxg3 f5 15.
g4 fxg4 16. Nh2 O-O-O 17. Nxg4 h5 18. Ne3 Rdf8 19. O-O-O Qg5 20. Rh3 h4 21.
Rdh1 Rh6 22. f3 Rhh8 23. Ng4 Qxd2+ 24. Kxd2 g5 25. Nf6 Nd8 26. f4 gxf4 27. Rxh4
Rxh4 28. Rxh4 c5 29. Rxf4 cxd4 30. cxd4 Rh8 31. Nh7 Rg8 32. g4 Rg7 33. g5 Bc6
34. Rf8 Kc7 35. g6 Bd7 36. Nf6 1-0

[Event "XLI Torneo di Capodanno"]
[Site "Reggio nell'Emilia ITA"]
[Date "1998.12.29"]
[Round "2"]
[White "Drei, Andrea"]
[Black "Aldrovandi, Costantino"]
[Result "0-1"]
[WhiteElo "2340"]
[BlackElo "2280"]
[PlyCount "104"]
[EventDate "1998.12.28"]

1. e4 c5 2. Nf3 e6 3. d4 cxd4 4. Nxd4 Nf6 5. Nc3 a6 6. Bg5 d6 7. f4 Be7 8. Qf3
Qc7 9. O-O-O Nbd7 10. g4 b5 11. Bxf6 gxf6 12. f5 Ne5 13. Qg3 Bd7 14. Nce2 Rc8
15. Nf4 O-O 16. fxe6 fxe6 17. Bd3 Qa5 18. Kb1 Kh8 19. Ndxe6 Rg8 20. h3 Qa4 21.
Rhe1 b4 22. Nd4 Bb5 23. Bxb5 axb5 24. Nd5 Bd8 25. Rf1 Rg6 26. Qb3 Nc4 27. Rf3
Qa7 28. Rfd3 Ba5 29. Nxb5 Qf2 30. Ne7 Rc5 31. Nxg6+ hxg6 32. Nxd6 Nxd6 33. Rxd6
Kg7 34. Rd7+ Kh6 35. R7d2 Qf4 36. Qg8 Rc7 37. Qf8+ Kg5 38. Qh8 b3 39. h4+ Kxg4
40. Rg1+ Kh3 41. h5 g5 42. Rh1+ Kg3 43. Rg1+ Kh3 44. Qb8 bxa2+ 45. Kxa2 Bxd2
46. Qb3+ Qe3 47. Qe6+ Kh2 48. Rf1 Rxc2 49. Qb3 Rc5 50. Qxe3 Bxe3 51. Rxf6 g4
52. h6 Rh5 0-1

[Event "XLI Torneo di Capodanno"]
[Site "Reggio nell'Emilia ITA"]
[Date "1998.12.29"]
[Round "2"]
[White "Efimov, Igor"]
[Black "Komarov, Dimitri"]
[Result "1/2-1/2"]
[WhiteElo "2530"]
[BlackElo "2580"]
[PlyCount "31"]
[EventDate "1998.12.28"]

1. d4 Nf6 2. c4 e6 3. Nf3 d5 4. Nc3 Be7 5. Bg5 O-O 6. e3 h6 7. Bh4 b6 8. Rc1
Bb7 9. cxd5 Nxd5 10. Nxd5 Bxd5 11. Bxe7 Qxe7 12. Be2 c5 13. dxc5 Rd8 14. Qc2
Rc8 15. Qd2 Rxc5 16. Rxc5 1/2-1/2

[Event "XLI Torneo di Capodanno"]
[Site "Reggio nell'Emilia ITA"]
[Date "1998.12.29"]
[Round "2"]
[White "Solozhenkin, Evgeniy"]
[Black "Tomescu, Vlad"]
[Result "1-0"]
[WhiteElo "2535"]
[BlackElo "2425"]
[PlyCount "59"]
[EventDate "1998.12.28"]

1. d4 Nf6 2. c4 g6 3. Nc3 d5 4. cxd5 Nxd5 5. e4 Nxc3 6. bxc3 Bg7 7. Nf3 O-O 8.
Be2 c5 9. Rb1 b6 10. O-O Bb7 11. Qd3 Nd7 12. Rd1 e6 13. Bg5 Qc7 14. Qe3 Nf6 15.
Bd3 Rac8 16. h3 Nd7 17. a4 e5 18. a5 exd4 19. cxd4 Rfe8 20. Rdc1 Qd6 21. e5 Qe6
22. axb6 axb6 23. Bc4 Bd5 24. Bxd5 Qxd5 25. Rd1 c4 26. Bh6 b5 27. Bxg7 Kxg7 28.
Ng5 f6 29. Ne4 f5 30. Nc3 1-0

[Event "XLI Torneo di Capodanno"]
[Site "Reggio nell'Emilia ITA"]
[Date "1998.12.30"]
[Round "3"]
[White "Aldrovandi, Costantino"]
[Black "Borgo, Giulio"]
[Result "1/2-1/2"]
[WhiteElo "2280"]
[BlackElo "2445"]
[PlyCount "52"]
[EventDate "1998.12.28"]

1. e4 c5 2. c3 Nf6 3. e5 Nd5 4. d4 cxd4 5. Nf3 d6 6. cxd4 e6 7. Bc4 Nd7 8. O-O
N7b6 9. Bb3 Bd7 10. Re1 Bc6 11. a3 Be7 12. Nbd2 dxe5 13. Nxe5 Rc8 14. Ndf3 O-O
15. Nxc6 Rxc6 16. Ne5 Rc7 17. Qd3 Bg5 18. Be3 Bf4 19. Bxf4 Nxf4 20. Qe4 Nfd5
21. Rad1 Qg5 22. g3 g6 23. h4 Qf5 24. Qe2 Kg7 25. Kg2 Rfc8 26. Rd3 f6 1/2-1/2

[Event "XLI Torneo di Capodanno"]
[Site "Reggio nell'Emilia ITA"]
[Date "1998.12.30"]
[Round "3"]
[White "Anceschi, Vittorio"]
[Black "Efimov, Igor"]
[Result "0-1"]
[WhiteElo "2285"]
[BlackElo "2530"]
[PlyCount "62"]
[EventDate "1998.12.28"]

1. e4 c5 2. Nc3 a6 3. g3 b5 4. Bg2 Bb7 5. Nh3 Nf6 6. O-O d6 7. d3 e6 8. f4 Be7
9. e5 Bxg2 10. Kxg2 dxe5 11. fxe5 Nd5 12. Qh5 O-O 13. Ne4 f6 14. c4 bxc4 15.
dxc4 Nc6 16. exf6 Nxf6 17. Nxf6+ Bxf6 18. Qxc5 Nd4 19. Bg5 Qd7 20. Bxf6 Qb7+
21. Kg1 Ne2+ 22. Kf2 Qxb2 23. Ke1 Rxf6 24. Rxf6 Qxa1+ 25. Kxe2 Qxf6 26. Nf4 Rb8
27. Qc6 e5 28. Qd5+ Qf7 29. Nd3 Qxd5 30. cxd5 Rb5 31. Nxe5 Rxd5 0-1

[Event "XLI Torneo di Capodanno"]
[Site "Reggio nell'Emilia ITA"]
[Date "1998.12.30"]
[Round "3"]
[White "Komarov, Dimitri"]
[Black "Vezzosi, Paolo"]
[Result "1/2-1/2"]
[WhiteElo "2580"]
[BlackElo "2325"]
[PlyCount "57"]
[EventDate "1998.12.28"]

1. d4 Nf6 2. Nf3 e6 3. c4 Bb4+ 4. Bd2 c5 5. Bxb4 cxb4 6. g3 O-O 7. Bg2 d6 8.
O-O Nc6 9. Nbd2 e5 10. d5 Nb8 11. a3 Na6 12. Ne1 Qb6 13. Nd3 Bf5 14. e4 Bg4 15.
Qe1 Nd7 16. h3 Bh5 17. axb4 Nxb4 18. Nxb4 Qxb4 19. Qe3 Nc5 20. Ra2 a5 21. Rc1
Bg6 22. g4 f6 23. Rc3 Rfc8 24. Bf1 a4 25. Be2 Be8 26. Bd1 Bd7 27. Nf3 b5 28.
Nd2 Rab8 29. Be2 1/2-1/2

[Event "XLI Torneo di Capodanno"]
[Site "Reggio nell'Emilia ITA"]
[Date "1998.12.30"]
[Round "3"]
[White "Tomescu, Vlad"]
[Black "Drei, Andrea"]
[Result "1/2-1/2"]
[WhiteElo "2425"]
[BlackElo "2340"]
[PlyCount "39"]
[EventDate "1998.12.28"]

1. e4 c5 2. Nf3 e6 3. d4 cxd4 4. Nxd4 Nc6 5. Nc3 Qc7 6. Be3 a6 7. Bd3 Nf6 8.
O-O Ne5 9. h3 Bc5 10. Na4 Ba7 11. c4 d6 12. Rc1 Bd7 13. Nc3 O-O 14. Qe2 Rac8
15. b3 Bc5 16. Rfd1 Qa5 17. Nf3 Bc6 18. Nd4 Bd7 19. Nf3 Bc6 20. Nd4 1/2-1/2

[Event "XLI Torneo di Capodanno"]
[Site "Reggio nell'Emilia ITA"]
[Date "1998.12.31"]
[Round "4"]
[White "Anceschi, Vittorio"]
[Black "Aldrovandi, Costantino"]
[Result "1/2-1/2"]
[WhiteElo "2285"]
[BlackElo "2280"]
[PlyCount "75"]
[EventDate "1998.12.28"]

1. b3 Nf6 2. Bb2 d5 3. e3 g6 4. Nf3 Bg7 5. Be2 O-O 6. O-O Bg4 7. h3 Bxf3 8.
Bxf3 Nbd7 9. Na3 c6 10. c4 e6 11. Qc2 Qe7 12. Rac1 h5 13. d4 Rfd8 14. Nb1 Nh7
15. cxd5 exd5 16. Ba3 Qf6 17. Nd2 Bh6 18. Qc3 Ndf8 19. Bxf8 Bxf8 20. g3 h4 21.
g4 Re8 22. Bg2 Re6 23. Nf3 Bd6 24. b4 Rae8 25. b5 Bb8 26. bxc6 bxc6 27. Ne5
Bxe5 28. dxe5 Qe7 29. Qc5 f6 30. Qxe7 R8xe7 31. exf6 Nxf6 32. Rc5 Nd7 33. Ra5
Nb6 34. Rc1 Rd6 35. Rac5 Ree6 36. Ra5 Re7 37. Rac5 Ree6 38. Ra5 1/2-1/2

[Event "XLI Torneo di Capodanno"]
[Site "Reggio nell'Emilia ITA"]
[Date "1998.12.31"]
[Round "4"]
[White "Borgo, Giulio"]
[Black "Tomescu, Vlad"]
[Result "0-1"]
[WhiteElo "2445"]
[BlackElo "2425"]
[PlyCount "88"]
[EventDate "1998.12.28"]

1. e4 c5 2. Nf3 Nc6 3. Bb5 e6 4. Bxc6 bxc6 5. O-O Qc7 6. c3 d5 7. e5 c4 8. b3
Ba6 9. bxc4 Bxc4 10. d3 Ba6 11. Qc2 Ne7 12. c4 dxc4 13. dxc4 Ng6 14. Re1 Be7
15. h4 Nxh4 16. Nxh4 Bxh4 17. Qe4 Be7 18. Qg4 Kf8 19. Bg5 Bxg5 20. Qxg5 Bxc4
21. Re4 Bd3 22. Rd4 Bg6 23. Nc3 h6 24. Qe3 Kg8 25. Rad1 Kh7 26. Rd7 Qb6 27. Qd2
Qc5 28. Qe1 Rhb8 29. Rc1 Rb4 30. Nd5 Qxc1 31. Qxc1 Rb1 32. Qxb1 Bxb1 33. Nc3
Bg6 34. Rc7 Rd8 35. Rxc6 Rd2 36. a4 Rc2 37. Kf1 a5 38. Ke1 Be4 39. Rc7 Bxg2 40.
Kd1 Rxf2 41. Ke1 Rc2 42. Kd1 Be4 43. Rc5 Bd3 44. Ne4 Bxe4 0-1

[Event "XLI Torneo di Capodanno"]
[Site "Reggio nell'Emilia ITA"]
[Date "1998.12.31"]
[Round "4"]
[White "Drei, Andrea"]
[Black "Lputian, Smbat G."]
[Result "0-1"]
[WhiteElo "2340"]
[BlackElo "2615"]
[PlyCount "68"]
[EventDate "1998.12.28"]

1. e4 e6 2. d4 d5 3. Nc3 Bb4 4. e5 c5 5. a3 Bxc3+ 6. bxc3 Ne7 7. Qg4 Kf8 8. h4
Qa5 9. Bd2 Qa4 10. h5 h6 11. Kd1 b6 12. Nf3 Ba6 13. Bxa6 Nxa6 14. Qf4 Rc8 15.
g4 Ke8 16. g5 cxd4 17. gxh6 gxh6 18. Nxd4 Nc5 19. Qf6 Rg8 20. Qxh6 Ne4 21. Qe3
Rg2 22. Be1 Nc6 23. Nxc6 Qxc6 24. Rh4 Rg1 25. Ke2 Qc7 26. f3 Qc4+ 27. Qd3 Ng3+
28. Bxg3 Qxd3+ 29. Kxd3 Rxa1 30. h6 Kd7 31. h7 Rh8 32. Rh6 Rg1 33. Rh3 Ke8 34.
Ke2 Kf8 0-1

[Event "XLI Torneo di Capodanno"]
[Site "Reggio nell'Emilia ITA"]
[Date "1998.12.31"]
[Round "4"]
[White "Efimov, Igor"]
[Black "Vezzosi, Paolo"]
[Result "1-0"]
[WhiteElo "2530"]
[BlackElo "2325"]
[PlyCount "79"]
[EventDate "1998.12.28"]

1. Nf3 Nf6 2. g3 d5 3. Bg2 c6 4. O-O Bg4 5. d3 e6 6. Nbd2 Nbd7 7. Qe1 Bc5 8. e4
O-O 9. e5 Ne8 10. d4 Bb6 11. c3 f6 12. h3 Bf5 13. Qe2 h6 14. b3 c5 15. Bb2 Nc7
16. Rac1 a5 17. a4 Rc8 18. Rfe1 cxd4 19. cxd4 Qe7 20. exf6 Rxf6 21. Nh4 Rcf8
22. f4 Bh7 23. Nhf3 Na6 24. Kh2 Nb4 25. Ba3 Qd6 26. Rc3 Nb8 27. Qb5 N8a6 28.
Rce3 Nc7 29. Qe2 Rd8 30. Nb1 Be4 31. Qd2 Bxf3 32. Rxf3 Rdf8 33. Rfe3 R8f7 34.
Re5 Rf5 35. Nc3 g5 36. Nb5 Nxb5 37. Rxe6 gxf4 38. axb5 Qd7 39. Rxb6 f3 40. Qxh6
1-0

[Event "XLI Torneo di Capodanno"]
[Site "Reggio nell'Emilia ITA"]
[Date "1998.12.31"]
[Round "4"]
[White "Solozhenkin, Evgeniy"]
[Black "Komarov, Dimitri"]
[Result "1-0"]
[WhiteElo "2535"]
[BlackElo "2580"]
[PlyCount "89"]
[EventDate "1998.12.28"]

1. d4 d5 2. Nf3 Nf6 3. c4 c6 4. Nc3 e6 5. e3 Nbd7 6. Qc2 Bd6 7. Bd3 O-O 8. O-O
e5 9. cxd5 cxd5 10. e4 dxe4 11. Nxe4 Nxe4 12. Bxe4 h6 13. Be3 exd4 14. Bh7+ Kh8
15. Bxd4 Nf6 16. Bf5 Qa5 17. Bxc8 Rfxc8 18. Qb3 Qd5 19. Rfd1 Qxb3 20. axb3 Ne4
21. Rxa7 Rxa7 22. Bxa7 Rc2 23. Bd4 Bc5 24. Ne1 Re2 25. Bxc5 Nxc5 26. b4 Na4 27.
b3 Nc3 28. Kf1 Rb2 29. Rd7 f6 30. g3 b5 31. Nd3 Rb1+ 32. Kg2 Rxb3 33. h4 h5 34.
Nf4 Rxb4 35. Nxh5 Re4 36. Rxg7 Re5 37. Rc7 Nd5 38. Rc8+ Kh7 39. g4 b4 40. Kg3
Kg6 41. Rb8 Re4 42. Rb5 Nc7 43. Rb6 Ne6 44. f3 Re1 45. Nf4+ 1-0

[Event "XLI Torneo di Capodanno"]
[Site "Reggio nell'Emilia ITA"]
[Date "1999.01.01"]
[Round "5"]
[White "Aldrovandi, Costantino"]
[Black "Efimov, Igor"]
[Result "1/2-1/2"]
[WhiteElo "2280"]
[BlackElo "2530"]
[PlyCount "139"]
[EventDate "1998.12.28"]

1. c4 e6 2. Nf3 Nf6 3. b3 c5 4. Bb2 Be7 5. d3 O-O 6. g3 d5 7. Bg2 Nc6 8. O-O d4
9. Na3 e5 10. Nc2 Bg4 11. h3 Bf5 12. a3 a5 13. Rb1 h6 14. Nd2 Qd7 15. Kh2 Bd6
16. Ne1 Rad8 17. e4 dxe3 18. fxe3 Bg6 19. e4 Nd4 20. Ndf3 Bh5 21. Bxd4 cxd4 22.
b4 axb4 23. axb4 Ra8 24. Qb3 b6 25. Nh4 Qa4 26. Nf5 Qxb3 27. Rxb3 Ne8 28. g4
Bg6 29. Kg1 f6 30. Nc2 Bf7 31. Ra1 Rxa1+ 32. Nxa1 b5 33. Bf1 Kh7 34. Nc2 g6 35.
Ng3 Nc7 36. Ra3 Ra8 37. Rxa8 Nxa8 38. h4 Nc7 39. Kf2 Bf8 40. Be2 Na6 41. cxb5
Nb8 42. Bd1 Bb3 43. Ke2 Be6 44. Kf3 Bd7 45. b6 Bc6 46. Na3 Bxb4 47. Nc4 Nd7 48.
Bb3 Nc5 49. Bc2 Bb5 50. Nd6 Bd7 51. b7 Na6 52. Nc8 Bc6 53. Bb3 Bxb7 54. Nb6 Be1
55. Nd7 Kg7 56. g5 fxg5 57. hxg5 h5 58. Nxe5 Bd2 59. Bf7 Bxg5 60. Be8 Nc7 61.
Bd7 Kf6 62. Nc6 Ne6 63. e5+ Kf7 64. Ne4 Be7 65. Kg3 Nc5 66. Nxc5 Bxc6 67. Bxc6
Bxc5 68. Bd5+ Kg7 69. Kf4 Kh6 70. Bf3 1/2-1/2

[Event "XLI Torneo di Capodanno"]
[Site "Reggio nell'Emilia ITA"]
[Date "1999.01.01"]
[Round "5"]
[White "Komarov, Dimitri"]
[Black "Drei, Andrea"]
[Result "1-0"]
[WhiteElo "2580"]
[BlackElo "2340"]
[PlyCount "69"]
[EventDate "1998.12.28"]

1. Nf3 Nf6 2. c4 e6 3. Nc3 Bb4 4. Qc2 b6 5. a3 Bxc3 6. Qxc3 Bb7 7. b4 a5 8. Bb2
Qe7 9. b5 d6 10. g3 Nbd7 11. Bg2 Nc5 12. a4 c6 13. bxc6 Bxc6 14. Qc2 Qd7 15.
Bxf6 gxf6 16. d4 Be4 17. Qd1 Na6 18. O-O Rc8 19. Rc1 Nb4 20. Ne1 Qc6 21. Bxe4
Qxe4 22. Ng2 O-O 23. f3 Qg6 24. e4 Rc7 25. Qe2 Rfc8 26. Ne3 d5 27. exd5 Nxd5
28. Ng2 f5 29. Rfd1 f4 30. Qf1 fxg3 31. cxd5 Qh6 32. hxg3 Rxc1 33. f4 Rxd1 34.
Qxd1 exd5 35. Qg4+ 1-0

[Event "XLI Torneo di Capodanno"]
[Site "Reggio nell'Emilia ITA"]
[Date "1999.01.01"]
[Round "5"]
[White "Tomescu, Vlad"]
[Black "Anceschi, Vittorio"]
[Result "0-1"]
[WhiteElo "2425"]
[BlackElo "2285"]
[PlyCount "94"]
[EventDate "1998.12.28"]

1. e4 d6 2. d4 Nf6 3. Nc3 g6 4. g3 Bg7 5. Bg2 O-O 6. Nge2 Na6 7. h3 Rb8 8. a4
Nb4 9. O-O a5 10. Be3 b6 11. d5 e5 12. Nb5 Ne8 13. c3 Na6 14. Rb1 f5 15. f3 Bd7
16. Na7 Nc5 17. Nc6 Bxc6 18. dxc6 Kh8 19. b4 axb4 20. cxb4 Ne6 21. g4 Ra8 22.
Ra1 Bf6 23. Kh1 Bg5 24. Bg1 Qc8 25. Qc2 N8g7 26. Rfb1 fxg4 27. fxg4 h5 28. Rf1
Bf4 29. Qd1 Qe8 30. Qc2 hxg4 31. hxg4 Qe7 32. Qb3 Rf7 33. a5 bxa5 34. bxa5 Ne8
35. Nxf4 Nxf4 36. Rxf4 Rxf4 37. Qh3+ Kg7 38. Be3 Qg5 39. a6 Nf6 40. Kg1 Nxg4
41. Bxf4 exf4 42. Qc3+ Ne5 43. Kf1 Qg4 44. Bh3 Qh5 45. Ke1 f3 46. Bf1 Qh4+ 47.
Kd1 Qxe4 0-1

[Event "XLI Torneo di Capodanno"]
[Site "Reggio nell'Emilia ITA"]
[Date "1999.01.01"]
[Round "5"]
[White "Vezzosi, Paolo"]
[Black "Solozhenkin, Evgeniy"]
[Result "0-1"]
[WhiteElo "2325"]
[BlackElo "2535"]
[PlyCount "66"]
[EventDate "1998.12.28"]

1. e4 Nf6 2. e5 Nd5 3. c4 Nb6 4. c5 Nd5 5. Nc3 e6 6. Nxd5 exd5 7. d4 d6 8. cxd6
cxd6 9. Nf3 Nc6 10. Be2 Be7 11. O-O O-O 12. Bf4 Bf5 13. Qd2 Rc8 14. Rfc1 a6 15.
exd6 Bxd6 16. Ne5 Bxe5 17. dxe5 Qb6 18. h4 d4 19. Bf3 Nb4 20. g4 Be6 21. a3 Nd5
22. Bg3 Rcd8 23. h5 f5 24. exf6 Rxf6 25. Be4 Bxg4 26. Be5 Rf7 27. Qg5 Nf6 28.
Bxf6 Qxf6 29. Qxg4 Qxf2+ 30. Kh1 Rf4 31. Qe6+ Kh8 32. Bg2 Rh4+ 33. Bh3 Qg3 0-1

[Event "XLI Torneo di Capodanno"]
[Site "Reggio nell'Emilia ITA"]
[Date "1999.01.02"]
[Round "6"]
[White "Aldrovandi, Costantino"]
[Black "Tomescu, Vlad"]
[Result "1-0"]
[WhiteElo "2280"]
[BlackElo "2425"]
[PlyCount "59"]
[EventDate "1998.12.28"]

1. e4 e5 2. Nf3 Nc6 3. Bb5 a6 4. Bxc6 dxc6 5. O-O f6 6. d4 Bg4 7. dxe5 Qxd1 8.
Rxd1 fxe5 9. Rd3 Bxf3 10. Rxf3 Nf6 11. Nc3 Bb4 12. Bg5 Bxc3 13. bxc3 Nd7 14.
Rd1 Rf8 15. Rxf8+ Nxf8 16. Kf1 Ne6 17. Be3 Rd8 18. Rb1 b6 19. g3 Ke7 20. Ke2
Rf8 21. h4 c5 22. Rf1 c4 23. f4 Nd8 24. f5 Nf7 25. g4 Nd6 26. Kf3 h6 27. Rd1
Rh8 28. Bc1 Nf7 29. Ba3+ c5 30. Rb1 1-0

[Event "XLI Torneo di Capodanno"]
[Site "Reggio nell'Emilia ITA"]
[Date "1999.01.02"]
[Round "6"]
[White "Borgo, Giulio"]
[Black "Komarov, Dimitri"]
[Result "0-1"]
[WhiteElo "2445"]
[BlackElo "2580"]
[PlyCount "66"]
[EventDate "1998.12.28"]

1. e4 e6 2. d4 d5 3. Nc3 Bb4 4. e5 c5 5. Bd2 Ne7 6. dxc5 Nbc6 7. Qg4 O-O 8. Nf3
Ng6 9. O-O-O Bxc5 10. Qh5 Bd7 11. Kb1 Qe8 12. Be3 Bxe3 13. fxe3 Qe7 14. Bd3 Nb4
15. Ne2 Nxd3 16. cxd3 f6 17. Nf4 Be8 18. Nxg6 Bxg6 19. Qh4 Rac8 20. Qd4 Qc5 21.
Qxc5 Rxc5 22. h3 Rfc8 23. Rhf1 Rc2 24. Ne1 Re2 25. exf6 Rxe3 26. fxg7 Kxg7 27.
Rd2 e5 28. a3 e4 29. Ka2 exd3 30. Nf3 Rc2 31. Rff2 Re2 32. Rfxe2 dxe2 33. Rxd5
Bf7 0-1

[Event "XLI Torneo di Capodanno"]
[Site "Reggio nell'Emilia ITA"]
[Date "1999.01.02"]
[Round "6"]
[White "Drei, Andrea"]
[Black "Vezzosi, Paolo"]
[Result "0-1"]
[WhiteElo "2340"]
[BlackElo "2325"]
[PlyCount "122"]
[EventDate "1998.12.28"]

1. e4 e6 2. d4 d5 3. Nc3 Bb4 4. e5 Qd7 5. Qg4 f5 6. Qg3 b6 7. a3 Bxc3+ 8. Qxc3
Ne7 9. a4 Ba6 10. Bxa6 Nxa6 11. Ne2 c5 12. a5 Qb5 13. axb6 axb6 14. Qf3 O-O 15.
O-O Nc6 16. Nc3 Qc4 17. dxc5 Nxc5 18. Rxa8 Rxa8 19. b3 Qd4 20. Bb2 Qxe5 21. Na4
Qc7 22. Nxc5 bxc5 23. Re1 Qd6 24. Qc3 d4 25. Qc4 Kf7 26. Qe2 Ne7 27. Bc1 Nd5
28. Bg5 Nc3 29. Qh5+ Kg8 30. g3 e5 31. Qf3 Rf8 32. Qd3 h6 33. Qc4+ Kh7 34. Bc1
e4 35. Ba3 Rc8 36. b4 Qd5 37. Qxd5 Nxd5 38. bxc5 Nc7 39. Rb1 Ne6 40. Rb5 Kg6
41. Kf1 Kf6 42. Ke1 g5 43. h3 h5 44. Kd2 f4 45. Rb6 Ke5 46. gxf4+ gxf4 47. c6
Nc7 48. Bb2 Kd5 49. Rb4 Ne6 50. Rb5+ Kc4 51. Rxh5 Rxc6 52. Re5 e3+ 53. fxe3
dxe3+ 54. Kc1 Rb6 55. Re4+ Kd5 56. Re5+ Kd6 57. Re4 Rb5 58. c4 Rf5 59. Ba3+ Kd7
60. Kd1 f3 61. Ke1 Nf4 0-1

[Event "XLI Torneo di Capodanno"]
[Site "Reggio nell'Emilia ITA"]
[Date "1999.01.02"]
[Round "6"]
[White "Efimov, Igor"]
[Black "Solozhenkin, Evgeniy"]
[Result "1/2-1/2"]
[WhiteElo "2530"]
[BlackElo "2535"]
[PlyCount "31"]
[EventDate "1998.12.28"]

1. e4 e5 2. Nf3 Nc6 3. Bb5 a6 4. Ba4 Nf6 5. O-O Be7 6. Re1 b5 7. Bb3 d6 8. c3
O-O 9. h3 Bb7 10. d4 Re8 11. Ng5 Rf8 12. Nf3 Re8 13. Nbd2 Bf8 14. Bc2 Nb8 15.
a4 Nbd7 16. b3 1/2-1/2

[Event "XLI Torneo di Capodanno"]
[Site "Reggio nell'Emilia ITA"]
[Date "1999.01.03"]
[Round "7"]
[White "Komarov, Dimitri"]
[Black "Anceschi, Vittorio"]
[Result "1-0"]
[WhiteElo "2580"]
[BlackElo "2285"]
[PlyCount "81"]
[EventDate "1998.12.28"]

1. d4 Nf6 2. Nf3 d5 3. c4 c6 4. e3 a6 5. b3 Bf5 6. Bd3 e6 7. O-O Bd6 8. Nc3
Nbd7 9. Bb2 O-O 10. Qe2 Bxd3 11. Qxd3 b5 12. Rac1 Re8 13. cxd5 cxd5 14. a4 b4
15. Ne2 Qb6 16. Rc2 Rac8 17. Rfc1 Qb7 18. Ne5 Rxc2 19. Qxc2 Bxe5 20. dxe5 Ng4
21. f4 Nxe3 22. Qc7 Qxc7 23. Rxc7 Nb8 24. Bd4 Nf5 25. Bc5 h5 26. Bxb4 Rd8 27.
Nc1 d4 28. Nd3 Kh7 29. Rxf7 Nc6 30. Bc5 a5 31. Rc7 Rb8 32. Rxc6 Rxb3 33. Ne1
Rb1 34. Kf2 Rb2+ 35. Kf3 Nh4+ 36. Kg3 Nf5+ 37. Kh3 d3 38. Nf3 d2 39. Ng5+ Kh6
40. Rxe6+ g6 41. Bf8+ 1-0

[Event "XLI Torneo di Capodanno"]
[Site "Reggio nell'Emilia ITA"]
[Date "1999.01.03"]
[Round "7"]
[White "Lputian, Smbat G."]
[Black "Aldrovandi, Costantino"]
[Result "1-0"]
[WhiteElo "2615"]
[BlackElo "2280"]
[PlyCount "71"]
[EventDate "1998.12.28"]

1. d4 Nf6 2. Bg5 e6 3. Nf3 h6 4. Bh4 d6 5. e3 g5 6. Bg3 Ne4 7. Bd3 Nxg3 8. fxg3
Nd7 9. Nbd2 Bg7 10. c3 b6 11. O-O Bb7 12. Qa4 c6 13. Rf2 d5 14. Raf1 b5 15. Qa3
Qe7 16. Qxe7+ Kxe7 17. Nxg5 f6 18. Ngf3 Nf8 19. e4 h5 20. Nh4 Bc8 21. Nb3 Rb8
22. a3 Bd7 23. Nc5 Bc8 24. b4 Rh6 25. a4 bxa4 26. Ra2 Nd7 27. Rxa4 Nxc5 28.
bxc5 Ra8 29. Rfa1 a6 30. exd5 cxd5 31. Bxa6 Bd7 32. Bb5 Rxa4 33. Bxa4 Bc8 34.
Bb5 f5 35. Ra8 Rh8 36. Bc6 1-0

[Event "XLI Torneo di Capodanno"]
[Site "Reggio nell'Emilia ITA"]
[Date "1999.01.03"]
[Round "7"]
[White "Solozhenkin, Evgeniy"]
[Black "Drei, Andrea"]
[Result "1-0"]
[WhiteElo "2535"]
[BlackElo "2340"]
[PlyCount "63"]
[EventDate "1998.12.28"]

1. d4 Nf6 2. c4 e6 3. Nf3 b6 4. Nc3 Bb4 5. Bg5 Bb7 6. e3 h6 7. Bh4 g5 8. Bg3
Ne4 9. Qc2 Bxc3+ 10. bxc3 d6 11. Bd3 Nxg3 12. fxg3 g4 13. Nh4 Qg5 14. Qe2 Nd7
15. O-O Rf8 16. a4 a5 17. Rf4 h5 18. Raf1 f5 19. d5 e5 20. Rxf5 Rxf5 21. Rxf5
Qg7 22. Rxh5 Nf6 23. Nf5 Qf8 24. Rg5 Bc8 25. Ng7+ Ke7 26. Bf5 Bxf5 27. Nxf5+
Kd7 28. c5 bxc5 29. Rg7+ Kd8 30. Qb5 Qe8 31. Qb7 Rc8 32. Nxd6 1-0

[Event "XLI Torneo di Capodanno"]
[Site "Reggio nell'Emilia ITA"]
[Date "1999.01.03"]
[Round "7"]
[White "Tomescu, Vlad"]
[Black "Efimov, Igor"]
[Result "1/2-1/2"]
[WhiteElo "2425"]
[BlackElo "2530"]
[PlyCount "100"]
[EventDate "1998.12.28"]

1. e4 c5 2. Nf3 Nc6 3. d4 cxd4 4. Nxd4 Nf6 5. Nc3 d6 6. Bg5 e6 7. Qd2 a6 8.
O-O-O h6 9. Be3 Bd7 10. f3 Rc8 11. g4 Qc7 12. h4 b5 13. Bd3 Ne5 14. g5 Nh5 15.
Kb1 hxg5 16. hxg5 g6 17. f4 Nc4 18. Bxc4 Qxc4 19. e5 d5 20. Nce2 Rg8 21. Rdg1
a5 22. Ng3 Nxg3 23. Rxg3 a4 24. Rgh3 Bb4 25. c3 Ba5 26. Nc2 Qe4 27. Qd4 Rf8 28.
Rh8 Bd8 29. Qxe4 dxe4 30. Bd4 Be7 31. a3 Bc6 32. Kc1 Kd7 33. Rxf8 Rxf8 34. Rh7
Bd5 35. Kd2 Rc8 36. Ne3 Rf8 37. Ng4 Bb3 38. Ke3 Bc2 39. Nf2 Kc6 40. Nxe4 Bxe4
41. Kxe4 Bc5 42. Rg7 Kb6 43. Rh7 Kc6 44. Rh1 Rd8 45. Rd1 Be7 46. Rc1 Bc5 47.
Rc2 Rd7 48. Rd2 Rd8 49. Rd3 Be7 50. Be3 Rxd3 1/2-1/2